000
00222 a2200097 4500
001
13521
100
_a
Berding A.H
245
_a
Dulls on diplomacy
260
_a
New Jersey
_b
D Van Nostrand co inc
_c
090
_c
10525
_d
10525
942
_a
NUST-CAE
_c
M
_c
587
999
_c
248594
_d
248594